00471nam a2200169Ia 4500003000900000008004100009020001800050040001600068080001700084100001600101245007500117260003400192300001500226650001700241700001400258700002900272IN-BaIIA211028s9999 xx 000 0 eng d a3-540-57014-4 cIIA Library a524.382bSHO aShore, S. N 0aInteracting binariescS.N. Shore, M. Livio and E.P.J. van den Heuvel  aBerlinbSpringer-Verlagc1994 axvi, 479p. aBinary stars aLivio, M. avan den Heuvel, E. P. J.